| 000 | 005970000a22002050004500 | ||
|---|---|---|---|
| 003 | LK-CoMWRAF | ||
| 005 | 20231109105121.0 | ||
| 008 | 230817t1999 ||||| |||| 00| 0 eng d | ||
| 020 | _a955969510X | ||
| 040 |
_aLK-CoMWRAF _dLK-CoMWRAF _eLK-CoMWRAF |
||
| 041 | _aeng | ||
| 082 |
_a954.93 _bVAM |
||
| 100 | _aVamadevan, V | ||
| 245 | _aThe Story of the Sri Lanka Muslims | ||
| 260 |
_aSydney: _bAuthor, _c1999 |
||
| 300 |
_aix, 130 p. : ill., maps ; 29 cm _bBibliography and index included |
||
| 650 | _aMUSLIMS-Sri Lanka -History | ||
| 650 | _aEthnic relations -Sri Lanka -History | ||
| 942 | _cBK | ||
| 999 |
_c130 _d130 |
||